1073 1241 1399 1340 1656 1275 1088 1658 1912 1767 1932 1196 1165 1749 1502 1245 1517 1129 1690 1344 1183 1462 1638 1655 1868 1643 1488 1153 1735 1208 1510 1813 1941 1943 1412 1977 1907 1867 1558 1092 1944 1225 1574 1083 1281 1547 1746 1817 1301 1316 1045 1308 1731 1495 1697 1716 1323 1070 1319 1206 1446 1391 1112 1878 1967 1126 1487 1964 1610 1508 1046 1946 1164 1267 1170 1084 1227 1809 1683 1754 1882 1661 1315 1587 1083 1230 1319 1500 1192 1968 1241 1980 1527 1808 1475 1859 1441 1725 1143 BCNSPRNW ULIB Ver.6.0+V

เปลี่ยนเป็นภาษาไทย

Change to English
 แสดงรายละเอียดบรรณานุกรม
  กลับหน้าหลัก

Brief Record : Get Marc (ISO 2709) : E-mail record : QR code < ปิดหน้าต่าง
LEADER : 00000nam 2200000uu 4500
001    13399113600
003     ULIB
008    111128s2551||||th 000 0 tha d
020    ^a9789741367979
090    ^aนว.^bณ111ร 2551
100 0  ^aฌามิวอาห์&เจ้าหญิงผู้เลอโฉม
245 00 ^aTi Amo...รักเธอรสช็อกโกแลต/^cฌามิวอาห์&เจ้าหญิงผู้เลอโฉม
250    ^aพิมพ์ครั้งที่ 1
260    ^aกรุงเทพฯ :^bแจ่มใส,^c2551
300    ^a286 หน้า
710 1  ^aแจ่มใส
945    ^p189^l0^i15033
995    ^aทศพร
999    ^aใช้งานได้ทุกระบบ
รายการนี้ยังไม่มีแท็ก
คุณยังไม่ได้ล็อกอิน คุณสามารถมีกิจกรรมร่วมกับเว็บไซต์ได้ แต่ต้องล็อกอินก่อน ::
  ล็อกอิน

รายการสื่อสารสนเทศ

ลำดับที่ ประเภท เลขเรียก/บาร์โค้ด สถานที่ สถานะ
1. นวนิยาย
นวนิยาย
นว. ณ111ร 2551 ฉ.1 
  Barcode: 15033
ห้องสมุดวิทยาเขตสวรรค์ประชารักษ์
►นวนิยาย
บนชั้น
  ขอยืม

BibComment


ยังไม่เคยถูกคอมเมนท์

คอมเมนท์ทรัพยากรรายการนี้
  คอมเมนท์: Ti Amoรักเธอรสช็..


 Copyright 2026. Bcnsprnw @Library